00387 2200157 4500001002100000005001500021035002000036245003500056100001800091300003000109260003400139082000800173084001400181020002200195990001200217INLIS00000000000171220250502102813 a0010-05250000041 aNeraka Cermin /cEdogawa Rampo0 aEdogawa Rampo a104 hlm ;c13,5 x 20,5 cm aSolo :bPenerbit KATTA,c2011 a813 a813 EDO n a978-979-1032-50-6 a0754625